000
00315 a2200145 4500
001
121869
020
_a
97885403122302
040
_c
Escola Canadense de Niteroi
100
_a
Pernambuco, Heitor
245
1
0
_a
Geografia sem fronteiras 8
300
_b
il.
362
0
_a
2018
650
4
_a
Geografia
942
_c
BK
999
_c
121869
_d
121869